000 00328nam a22001457a 4500
008 230123b ||||| |||| 00| 0 eng d
020 _a9781285749693
041 _aeng
080 _2TENTH EDITION
_a51
082 _a51MAR
100 _a20
101 _aMATE
245 _aRACE ETHNIC RELATIONS
_cMARGER N.M
942 _2udc
_cBK
999 _c59247
_d59247